[Event "Bundesliga 2021-22"]
[Site "Berlin GER"]
[Date "2022.04.09"]
[Round "3.5"]
[Board "5"]
[White "Gavrilescu, David"]
[Black "Von Herman, Ulf"]
[Result "1-0"]
[WhiteTitle "IM"]
[BlackTitle "IM"]
[WhiteElo "2512"]
[BlackElo "2349"]
[WhiteTeam "SK Doppelbauer Turm Kiel"]
[BlackTeam "SK Koenig Tegel"]
[WhiteFideId "1227190"]
[BlackFideId "4608500"]
[EventDate "2022.03.05"]

1. e4 c6 2. Nf3 d5 3. exd5 cxd5 4. d4 Nc6 5. Ne5 e6 6. c3 Bd6 7. f4 g6 8. Bb5
Ne7 9. O-O f6 10. Ng4 O-O 11. Nd2 Qb6 12. Qe2 Bd7 13. Bd3 e5 14. fxe5 Bxg4 15.
Qxg4 Nxe5 16. Qh3 Nxd3 17. Qxd3 Qc7 18. Nf3 Nf5 19. b3 Rae8 20. c4 Re4 21. c5
Bf4 22. b4 Be3+ 23. Bxe3 Rxe3 24. Qd2 Rfe8 25. Rae1 R8e4 26. b5 Qe7 27. Kf2 h5
28. Rxe3 Nxe3 29. Re1 Ng4+ 30. Kg1 Ne3 31. c6 bxc6 32. bxc6 Nc4 33. Rxe4 Qxe4
34. Qc1 Kg7 35. c7 Qf5 36. Qe1 Qd7 37. Qg3 Kf7 38. Qf4 Kg7 39. Nh4 Nb6 40. Qc1
Nc4 41. Qb1 f5 42. Qb7 Nd6 43. Qxa7 Qe7 44. Nf3 Qe3+ 45. Kh1 Qc1+ 46. Ng1 Kh6
47. Qc5 1-0

[Event "Bundesliga 2021-22"]
[Site "Berlin GER"]
[Date "2022.04.09"]
[Round "3.5"]
[Board "6"]
[White "Sarbok, Torsten"]
[Black "Teclaf, Pawel"]
[Result "1/2-1/2"]
[WhiteTitle "FM"]
[BlackTitle "IM"]
[WhiteElo "2325"]
[BlackElo "2542"]
[WhiteTeam "SK Koenig Tegel"]
[BlackTeam "SK Doppelbauer Turm Kiel"]
[WhiteFideId "4630068"]
[BlackFideId "1185934"]
[EventDate "2022.03.05"]

1. e4 c5 2. Nf3 e6 3. d4 cxd4 4. Nxd4 a6 5. c4 Nf6 6. Nc3 Bb4 7. f3 O-O 8. Be2
Nc6 9. Nxc6 dxc6 10. Qxd8 Rxd8 11. Be3 e5 12. a3 Be7 13. Na4 Nd7 14. Nb6 Rb8 15.
Nxd7 Bxd7 16. Bb6 Rdc8 17. Kf2 c5 18. Rhd1 Be6 19. Rac1 Rc6 20. Ba5 b5 21. cxb5
axb5 22. Bc3 f6 23. Bd2 Bb3 24. Re1 Kf7 25. Be3 g6 26. Bd1 Be6 27. Re2 c4 28.
Rd2 Rd8 29. Rxd8 Bxd8 30. Ke2 f5 31. g3 fxe4 32. fxe4 Rd6 33. Kf2 Rd3 34. h4 Ba5
35. Be2 Rd7 36. a4 bxa4 37. Bxc4 Rb7 38. Bxe6+ Kxe6 39. Rc2 Rb3 40. Ke2 h5 41.
Bf2 Kd7 42. Kf1 Bb4 43. Ke2 Bd6 44. Be1 Bb4 45. Bf2 Ba5 46. Kf1 Bb6 47. Be1 Rf3+
48. Kg2 Re3 49. Bf2 Rb3 50. Bxb6 Rxb6 51. g4 Rb4 52. gxh5 gxh5 53. Kf3 Rb3+ 54.
Ke2 Kd6 55. Kd2 a3 56. bxa3 Rxa3 57. Rc8 Rh3 58. Rd8+ Ke7 59. Rh8 Rxh4 60. Rh6
Rh1 61. Ke2 h4 62. Kf2 h3 63. Kg3 Rg1+ 64. Kh2 Rg4 65. Kxh3 Rxe4 66. Kg3 Rf4 67.
Ra6 Rf8 68. Rb6 Kd7 69. Ra6 e4 70. Ra4 e3 71. Re4 Re8 72. Rxe8 Kxe8 73. Kf3 e2
74. Kxe2 1/2-1/2

[Event "Bundesliga 2021-22"]
[Site "Berlin GER"]
[Date "2022.04.09"]
[Round "3.5"]
[Board "7"]
[White "Parvanyan, Ashot"]
[Black "Rietze, Clemens"]
[Result "1-0"]
[WhiteTitle "IM"]
[BlackTitle "FM"]
[WhiteElo "2462"]
[BlackElo "2279"]
[WhiteTeam "SK Doppelbauer Turm Kiel"]
[BlackTeam "SK Koenig Tegel"]
[WhiteFideId "13307550"]
[BlackFideId "24620351"]
[EventDate "2022.03.05"]

1. Nf3 d5 2. d4 Nf6 3. c4 e6 4. g3 Bb4+ 5. Bd2 Bd6 6. Bg2 c6 7. Nc3 O-O 8. O-O
Nbd7 9. b3 dxc4 10. bxc4 e5 11. e3 Re8 12. Qc2 Bc7 13. Rad1 exd4 14. exd4 Nb6
15. d5 cxd5 16. cxd5 Bd6 17. Nb5 Bg4 18. h3 Bh5 19. Qb3 Ne4 20. Be3 Bc5 21. Bxc5
Nxc5 22. Qb4 Nbd7 23. Nd6 Re2 24. Nxb7 Nxb7 25. Qxb7 Rxa2 26. g4 Rb8 27. Qc6 Bg6
28. Nd4 Rc8 29. Qb5 Bc2 30. Nc6 Qf8 31. Rde1 Kh8 32. Qc4 Qa3 33. Nb4 1-0

[Event "Bundesliga 2021-22"]
[Site "Berlin GER"]
[Date "2022.04.09"]
[Round "3.6"]
[Board "1"]
[White "Svane, Rasmus"]
[Black "Sarana, Alexey"]
[Result "1/2-1/2"]
[WhiteTitle "GM"]
[BlackTitle "GM"]
[WhiteElo "2637"]
[BlackElo "2685"]
[WhiteTeam "Hamburger SK"]
[BlackTeam "SF Berlin"]
[WhiteFideId "4657101"]
[BlackFideId "24133795"]
[EventDate "2022.03.05"]

1. d4 Nf6 2. Nf3 d5 3. Bf4 c5 4. e3 Nc6 5. Nbd2 e6 6. c3 Nh5 7. Bg5 f6 8. Bh4 g6
9. Bd3 cxd4 10. cxd4 Bd6 11. O-O O-O 12. Rc1 Bd7 13. a3 Rc8 14. Rc3 Qb6 15. Qb1
Ne7 16. Rxc8 Bxc8 17. Rc1 Nf5 18. Bg3 Nhxg3 19. hxg3 Bd7 20. Rc3 Rc8 21. Rb3 Qc7
22. Rc3 Qb6 23. Rb3 Qc7 24. Rc3 1/2-1/2

[Event "Bundesliga 2021-22"]
[Site "Berlin GER"]
[Date "2022.04.09"]
[Round "3.6"]
[Board "2"]
[White "Piorun, Kacper"]
[Black "Papp, Gabor1"]
[Result "1-0"]
[WhiteTitle "GM"]
[BlackTitle "GM"]
[WhiteElo "2640"]
[BlackElo "2574"]
[WhiteTeam "SF Berlin"]
[BlackTeam "Hamburger SK"]
[WhiteFideId "1130420"]
[BlackFideId "718602"]
[EventDate "2022.03.05"]

1. d4 Nf6 2. Nf3 e6 3. e3 b6 4. Bd3 Bb7 5. O-O d5 6. b3 Bd6 7. Bb2 O-O 8. Qe2 c5
9. Nbd2 Nc6 10. a3 Rc8 11. Rfd1 Qc7 12. dxc5 Bxc5 13. c4 Be7 14. Rac1 Qb8 15.
cxd5 Nxd5 16. Ne4 h6 17. b4 Rfd8 18. Bb1 Bf8 19. Ng3 Nde7 20. h4 Rxd1+ 21. Rxd1
Rd8 22. Rc1 Nd5 23. Qc2 g6 24. h5 Nce7 25. e4 Rc8 26. Qd2 Rxc1+ 27. Qxc1 Nc7 28.
Qc3 1-0

[Event "Bundesliga 2021-22"]
[Site "Berlin GER"]
[Date "2022.04.09"]
[Round "3.6"]
[Board "3"]
[White "Engel, Luis"]
[Black "Tomczak, Jacek"]
[Result "1/2-1/2"]
[WhiteTitle "GM"]
[BlackTitle "GM"]
[WhiteElo "2564"]
[BlackElo "2584"]
[WhiteTeam "Hamburger SK"]
[BlackTeam "SF Berlin"]
[WhiteFideId "12961523"]
[BlackFideId "1124668"]
[EventDate "2022.03.05"]

1. e4 c6 2. d4 d5 3. e5 c5 4. dxc5 e6 5. Bd3 Bxc5 6. Qg4 Ne7 7. Nf3 Ng6 8. h4
Nc6 9. h5 Ncxe5 10. Nxe5 Nxe5 11. Qxg7 Nxd3+ 12. cxd3 Kd7 13. Be3 Qg8 14. h6 Bf8
15. Qd4 Qxg2 16. Rh5 Rg8 17. Nc3 Qg4 18. Ne4 Be7 19. Rh1 Ke8 20. Nf6+ Bxf6 21.
Qxf6 Bd7 22. Rc1 d4 23. Rh4 Qg6 24. Qxd4 Rd8 25. Rc3 Bc6 26. Qc4 Qf5 27. Rd4
Rg1+ 1/2-1/2

[Event "Bundesliga 2021-22"]
[Site "Berlin GER"]
[Date "2022.04.09"]
[Round "3.6"]
[Board "4"]
[White "Kraemer, Martin"]
[Black "Ernst, Sipke"]
[Result "1-0"]
[WhiteTitle "GM"]
[BlackTitle "GM"]
[WhiteElo "2584"]
[BlackElo "2537"]
[WhiteTeam "SF Berlin"]
[BlackTeam "Hamburger SK"]
[WhiteFideId "4671910"]
[BlackFideId "1004689"]
[EventDate "2022.03.05"]

1. e4 e5 2. Nf3 Nc6 3. Bb5 a6 4. Ba4 Nf6 5. O-O Bc5 6. c3 b5 7. Bb3 d6 8. d4 Bb6
9. a4 Bg4 10. h3 Bh5 11. Bg5 Rb8 12. axb5 axb5 13. dxe5 Bxf3 14. Qxf3 Nxe5 15.
Qe2 O-O 16. Nd2 Re8 17. Kh1 c6 18. f4 Ned7 19. Rae1 Bc7 20. Qf3 b4 21. Ba4 bxc3
22. bxc3 Rb6 23. e5 dxe5 24. Bxc6 e4 25. Bxe4 Rbe6 26. Rd1 Nc5 27. Bf5 Re3 28.
Qc6 Qe7 29. Nf3 h6 30. Bxf6 gxf6 31. Bd7 Rd8 32. Qxc7 Rxd7 33. Rxd7 Nxd7 34. Nd4
Kh7 35. Nf5 Rxh3+ 36. gxh3 Qe4+ 37. Kg1 Qxf5 38. Qc4 Kg7 39. Qe2 Qc5+ 40. Kh2 f5
41. Qd3 Nf6 42. Qd4 Qc6 43. Rg1+ 1-0

[Event "Bundesliga 2021-22"]
[Site "Berlin GER"]
[Date "2022.04.09"]
[Round "3.6"]
[Board "5"]
[White "Svane, Frederik"]
[Black "Baldauf, Marco"]
[Result "1-0"]
[WhiteTitle "IM"]
[BlackTitle "GM"]
[WhiteElo "2496"]
[BlackElo "2522"]
[WhiteTeam "Hamburger SK"]
[BlackTeam "SF Berlin"]
[WhiteFideId "12923044"]
[BlackFideId "4688210"]
[EventDate "2022.03.05"]

1. e4 c6 2. Nf3 d5 3. d3 g6 4. e5 Bg7 5. d4 f6 6. exf6 Nxf6 7. Be2 O-O 8. O-O c5
9. dxc5 Qc7 10. c4 dxc4 11. Qd4 Ng4 12. Qxc4+ Kh8 13. h3 Ne5 14. Nxe5 Qxe5 15.
Nc3 Nc6 16. Bg4 Qd4 17. Be2 Qxc4 18. Bxc4 Ne5 19. Be2 Be6 20. Bg5 Nc6 21. Be3
Nd4 22. Bd3 Rac8 23. Rad1 Nf5 24. Bxf5 gxf5 25. Rfe1 Bxc3 26. bxc3 Kg8 27. Bd4
Kf7 28. Re5 Rg8 29. a3 Rc6 30. Kh2 h5 31. Rb1 Bc8 32. Rbe1 Be6 33. R1e3 Rg6 34.
Re1 Ra6 35. Rb1 Bc8 36. Rb3 Rg8 37. Re3 Rag6 38. g3 Ra6 39. Re5 Rgg6 40. Kg2
Rgc6 41. Kf3 Rg6 42. Kf4 Rh6 43. Kf3 Rhg6 44. Be3 Rg8 45. Ke2 Ra4 46. Bd4 Rg6
47. Be3 Rg8 48. Kd2 Kf6 49. Bd4 Kf7 50. Kc2 Ra6 51. Kb2 Rc6 52. Rb4 Ra6 53. Be3
Kf6 54. Bd4 Kf7 55. c6 bxc6 56. Rb8 Rd8 57. Bc5 e6 58. Kb3 Ke8 59. g4 hxg4 60.
hxg4 fxg4 61. Rh5 e5 62. Kb4 Kf7 63. Rh7+ Ke6 64. Rc7 Rd2 65. Rbxc8 Rb2+ 66. Kc4
Ra4+ 67. Kd3 Kd5 68. Rxc6 1-0

[Event "Bundesliga 2021-22"]
[Site "Berlin GER"]
[Date "2022.04.09"]
[Round "3.6"]
[Board "6"]
[White "Jakubowski, Krzysztof"]
[Black "Heinemann, Thies"]
[Result "0-1"]
[WhiteTitle "GM"]
[BlackTitle "GM"]
[WhiteElo "2475"]
[BlackElo "2495"]
[WhiteTeam "SF Berlin"]
[BlackTeam "Hamburger SK"]
[WhiteFideId "1112848"]
[BlackFideId "4601556"]
[EventDate "2022.03.05"]

1. e4 c5 2. Nf3 d6 3. d4 cxd4 4. Nxd4 Nf6 5. Nc3 a6 6. Be3 e5 7. Nb3 Be6 8. h3
Be7 9. Qf3 h5 10. O-O-O Nbd7 11. Kb1 Rc8 12. Nd5 Bxd5 13. exd5 Nb6 14. Bxb6 Qxb6
15. Bd3 g6 16. g4 h4 17. Rhf1 O-O 18. Qg2 Nh7 19. Nd2 Ng5 20. Ne4 Nxe4 21. Qxe4
Bg5 22. Qa4 Rc5 23. c4 Rfc8 24. Qb3 Qc7 25. a4 e4 26. Be2 Bf6 27. g5 Bg7 28. Rd2
Re8 29. Rg1 Qa5 30. Rc2 Rec8 31. Qa3 Qb6 32. Rg4 Qd8 33. Qe3 b5 34. Rxe4 bxa4
35. Bg4 Rb8 36. Re7 a3 37. Bd7 Qb6 38. Be8 a2+ 39. Kxa2 Ra5+ 40. Kb1 Qxb2+ 0-1

[Event "Bundesliga 2021-22"]
[Site "Berlin GER"]
[Date "2022.04.09"]
[Round "3.6"]
[Board "8"]
[White "Lauber, Arnd"]
[Black "Meissner, Felix"]
[Result "1/2-1/2"]
[WhiteTitle "IM"]
[BlackTitle "FM"]
[WhiteElo "2411"]
[BlackElo "2381"]
[WhiteTeam "SF Berlin"]
[BlackTeam "Hamburger SK"]
[WhiteFideId "4632630"]
[BlackFideId "24671827"]
[EventDate "2022.03.05"]

1. d4 Nf6 2. c4 e6 3. Nc3 Bb4 4. e3 O-O 5. Bd3 d5 6. Nf3 b6 7. O-O Ba6 8. Ne5
dxc4 9. Nxc4 c5 10. a3 Bxc3 11. bxc3 Qc7 12. Qe2 Rc8 13. Ne5 Bxd3 14. Qxd3 Nc6
15. Nxc6 Qxc6 16. Bd2 cxd4 17. cxd4 Qc2 18. Qxc2 Rxc2 19. Rfd1 Rac8 20. f3 R8c4
21. Kf1 Nd5 22. Ke1 f5 23. Rdc1 Kf7 24. Rxc2 Rxc2 25. Ke2 b5 26. Kd3 Rc4 27. Bb4
h5 28. g3 a6 29. Rb1 g5 30. e4 Nf6 31. a4 fxe4+ 32. fxe4 e5 33. dxe5 Nxe4 34.
axb5 axb5 35. Bd6 Nf2+ 36. Kd2 Ne4+ 37. Kd3 Nf2+ 38. Kd2 Ne4+ 39. Kd3 1/2-1/2

[Event "Bundesliga 2021-22"]
[Site "Munich GER"]
[Date "2022.04.09"]
[Round "3.7"]
[Board "1"]
[White "Harikrishna, Pentala"]
[Black "Maghsoodloo, Parham"]
[Result "0-1"]
[WhiteTitle "GM"]
[BlackTitle "GM"]
[WhiteElo "2716"]
[BlackElo "2701"]
[WhiteTeam "SG Solingen"]
[BlackTeam "Muenchener Schachclub 1836"]
[WhiteFideId "5007003"]
[BlackFideId "12539929"]
[EventDate "2022.03.05"]

1. e4 c5 2. Nf3 d6 3. d4 cxd4 4. Qxd4 Nc6 5. Qe3 g6 6. Be2 Bg7 7. O-O Nf6 8. h3
O-O 9. Rd1 Nd7 10. Nc3 h6 11. Qf4 g5 12. Qg3 Nc5 13. e5 Bf5 14. Be3 Qa5 15. exd6
Bxc3 16. dxe7 Rfe8 17. Bxc5 Bxb2 18. Rab1 Qxc5 19. Rxb2 Qxe7 20. c4 Rad8 21. Rd5
Be4 22. Nxg5 hxg5 23. Rxg5+ Bg6 24. Bh5 Qf6 25. Rxb7 Re5 26. Rxe5 Nxe5 27. Be2
Nc6 28. Kh2 Rd2 29. Bf3 Ne5 30. Bd5 Rxf2 31. Rxa7 Rd2 32. Ra3 Nd3 33. Ra7 Kh7
34. h4 Nf4 35. Bf3 Nxg2 0-1

[Event "Bundesliga 2021-22"]
[Site "Munich GER"]
[Date "2022.04.09"]
[Round "3.7"]
[Board "2"]
[White "Indjic, Aleksandar"]
[Black "Van Foreest, Jorden"]
[Result "0-1"]
[WhiteTitle "GM"]
[BlackTitle "GM"]
[WhiteElo "2605"]
[BlackElo "2714"]
[WhiteTeam "Muenchener Schachclub 1836"]
[BlackTeam "SG Solingen"]
[WhiteFideId "911925"]
[BlackFideId "1039784"]
[EventDate "2022.03.05"]

1. d4 d5 2. c4 c6 3. Nf3 Nf6 4. Qb3 e6 5. Bg5 Qb6 6. Nc3 dxc4 7. Qxc4 Qxb2 8.
Rb1 Qc2 9. Rc1 Qf5 10. Qb3 Nbd7 11. g3 Bd6 12. h4 O-O 13. Bg2 h6 14. Bxf6 Nxf6
15. O-O e5 16. d5 cxd5 17. Nxd5 Nxd5 18. Qxd5 Rd8 19. Nd2 Qe6 20. Qa5 Qe7 21.
Nc4 Bc7 22. Qc3 e4 23. Ne3 Bb6 24. Qc4 Rd4 25. Qxc8+ Rxc8 26. Rxc8+ Rd8 27. Nd5
Qe6 28. Nxb6 Rxc8 29. Nxc8 Qxc8 30. Bxe4 b5 31. Rd1 Kf8 32. Bd3 Qc5 33. Rb1 b4
34. Kg2 a5 35. Rb2 a4 36. Rc2 Qd5+ 37. f3 b3 38. axb3 Qxb3 39. Rc7 a3 40. Bc4
Qc2 41. Rxf7+ Ke8 42. Rf4 a2 43. Bxa2 Qxe2+ 44. Kh3 Qxa2 45. h5 Qf2 46. Rf5 Qf1+
47. Kh4 Qe2 48. Kh3 Ke7 49. g4 Qf2 50. Rf4 Kd6 51. Rf5 Ke6 52. f4 Kd6 53. g5
Qe3+ 54. Kh4 Qe1+ 0-1

[Event "Bundesliga 2021-22"]
[Site "Munich GER"]
[Date "2022.04.09"]
[Round "3.7"]
[Board "3"]
[White "L'Ami, Erwin"]
[Black "Martinovic, Sasa"]
[Result "1/2-1/2"]
[WhiteTitle "GM"]
[BlackTitle "GM"]
[WhiteElo "2621"]
[BlackElo "2554"]
[WhiteTeam "SG Solingen"]
[BlackTeam "Muenchener Schachclub 1836"]
[WhiteFideId "1007998"]
[BlackFideId "14509792"]
[EventDate "2022.03.05"]

1. d4 Nf6 2. c4 e6 3. Nc3 d5 4. cxd5 exd5 5. Bg5 c6 6. e3 Be7 7. Bd3 Nbd7 8. h3
O-O 9. Qc2 Re8 10. Nf3 Ne4 11. Bf4 Ndf6 12. O-O Bd6 13. Ne5 Nxc3 14. bxc3 c5 15.
a4 c4 16. Be2 Qc7 17. Rae1 Nd7 18. Nxf7 Kxf7 19. Qxh7 Nf6 20. Bh5+ Nxh5 21.
Qxh5+ Kf8 22. Qh8+ Kf7 23. Qh5+ Kf8 24. Qh8+ Kf7 25. Qh5+ 1/2-1/2

[Event "Bundesliga 2021-22"]
[Site "Munich GER"]
[Date "2022.04.09"]
[Round "3.7"]
[Board "4"]
[White "Horvath, Dominik"]
[Black "Van Wely, Loek"]
[Result "0-1"]
[WhiteTitle "IM"]
[BlackTitle "GM"]
[WhiteElo "2486"]
[BlackElo "2613"]
[WhiteTeam "Muenchener Schachclub 1836"]
[BlackTeam "SG Solingen"]
[WhiteFideId "1642561"]
[BlackFideId "1000268"]
[EventDate "2022.03.05"]

1. e4 d6 2. d4 Nf6 3. Nc3 g6 4. Be3 Bg7 5. f3 c6 6. Qd2 b5 7. Bh6 Bxh6 8. Qxh6
b4 9. Nd1 Qb6 10. Qd2 a5 11. Ne3 Nbd7 12. g4 h6 13. h4 c5 14. d5 Ne5 15. Nc4
Nxc4 16. Bxc4 Nd7 17. f4 Nf6 18. g5 Nxe4 19. Qg2 Bf5 20. Ne2 a4 21. Bd3 a3 22.
b3 Nc3 23. Bxf5 gxf5 24. Nxc3 bxc3 25. O-O-O c4 26. Qf3 cxb3 27. Qxc3 bxc2 28.
Rde1 Qb2+ 29. Qxb2 axb2+ 30. Kxb2 Kd7 31. Rh3 Ra7 32. Rhe3 Rb8+ 33. Rb3 Rba8 34.
a3 hxg5 35. hxg5 Rc7 36. Rc1 Rac8 37. a4 Rc5 38. Rb7+ Kd8 39. Kb3 Rc3+ 40. Kb2
R3c5 41. Kb3 Ke8 42. Rb5 Rxb5+ 43. axb5 Rc5 44. Kb4 Kd7 45. Ka5 Kc7 46. Ka6 Rc3
47. b6+ Kb8 48. b7 Kc7 49. Re1 Ra3+ 50. Kb5 Rb3+ 51. Ka6 Rb6+ 52. Ka5 Rxb7 53.
Rxe7+ Kc8 0-1

[Event "Bundesliga 2021-22"]
[Site "Munich GER"]
[Date "2022.04.09"]
[Round "3.7"]
[Board "5"]
[White "Predojevic, Borki"]
[Black "Berchtenbreiter, Maximilian"]
[Result "1/2-1/2"]
[WhiteTitle "GM"]
[BlackTitle "IM"]
[WhiteElo "2585"]
[BlackElo "2513"]
[WhiteTeam "SG Solingen"]
[BlackTeam "Muenchener Schachclub 1836"]
[WhiteFideId "930849"]
[BlackFideId "24641120"]
[EventDate "2022.03.05"]

1. e4 c6 2. Nc3 d5 3. Nf3 Bg4 4. h3 Bxf3 5. Qxf3 e6 6. Be2 Nf6 7. O-O Bb4 8. e5
Nfd7 9. d4 Be7 10. Rd1 g6 11. Nb1 c5 12. c3 Nc6 13. Na3 a6 14. Nc2 Rc8 15. Bd3
Bg5 16. Bxg5 Qxg5 17. g3 h5 18. h4 Qh6 19. Kg2 O-O 20. Re1 Kg7 21. Rad1 f6 22.
exf6+ Nxf6 23. Qe3 Qxe3 24. fxe3 c4 25. Be2 Rc7 26. Rf1 Rcf7 27. Rf4 Ne7 28. Bf3
Nf5 29. Re1 Nd6 30. Re2 Kh6 31. Na3 Rg8 32. Rf2 g5 33. hxg5+ Rxg5 34. Bxd5 Nxd5
35. Rxf7 Nxe3+ 36. Kh3 Nxf7 37. Rxf7 b5 38. Rf3 Ng4 1/2-1/2

[Event "Bundesliga 2021-22"]
[Site "Munich GER"]
[Date "2022.04.09"]
[Round "3.7"]
[Board "6"]
[White "Froewis, Georg"]
[Black "Handke, Florian"]
[Result "0-1"]
[WhiteTitle "IM"]
[BlackTitle "GM"]
[WhiteElo "2442"]
[BlackElo "2539"]
[WhiteTeam "Muenchener Schachclub 1836"]
[BlackTeam "SG Solingen"]
[WhiteFideId "1618423"]
[BlackFideId "4634527"]
[EventDate "2022.03.05"]

1. d4 Nf6 2. Nf3 g6 3. c4 Bg7 4. Nc3 d5 5. h4 dxc4 6. e4 c5 7. d5 b5 8. h5 O-O
9. hxg6 fxg6 10. Rh4 a6 11. Be2 Ng4 12. Rxh7 Qd6 13. e5 Nxe5 14. Ng5 Bf5 15. Be3
Nbd7 16. g4 Nd3+ 17. Kf1 b4 18. gxf5 bxc3 19. Bxd3 cxd3 20. Qg4 Rxf5 21. bxc3
Nf6 22. Qh3 Qxd5 23. c4 Qxc4 24. Rh4 Qc2 25. Kg2 Rf8 26. Rc1 Qxa2 27. Rhc4 d2 0-1

[Event "Bundesliga 2021-22"]
[Site "Munich GER"]
[Date "2022.04.09"]
[Round "3.7"]
[Board "7"]
[White "Naumann, Alexander"]
[Black "Radovanovic, Nikola"]
[Result "1/2-1/2"]
[WhiteTitle "GM"]
[BlackTitle "IM"]
[WhiteElo "2514"]
[BlackElo "2419"]
[WhiteTeam "SG Solingen"]
[BlackTeam "Muenchener Schachclub 1836"]
[WhiteFideId "4623169"]
[BlackFideId "900087"]
[EventDate "2022.03.05"]

1. d4 Nf6 2. c4 g6 3. g3 Bg7 4. Bg2 O-O 5. Nc3 d6 6. Nf3 Nc6 7. O-O e5 8. dxe5
dxe5 9. Bg5 h6 10. Qxd8 Rxd8 11. Bxf6 Bxf6 12. Nd5 Kg7 13. Nxc7 Rb8 14. Nd5 e4
15. Nd2 e3 16. fxe3 Bxb2 17. Rab1 Ba3 18. Rb3 Bc5 19. Ne4 Bf8 20. Rc1 b6 21. Nf2
Na5 22. Rbc3 Bb7 23. e4 1/2-1/2

[Event "Bundesliga 2021-22"]
[Site "Munich GER"]
[Date "2022.04.09"]
[Round "3.8"]
[Board "1"]
[White "Mamedyarov, Shakhriyar"]
[Black "Santos Latasa, Jaime"]
[Result "1-0"]
[WhiteTitle "GM"]
[BlackTitle "GM"]
[WhiteElo "2776"]
[BlackElo "2648"]
[WhiteTeam "SC Viernheim"]
[BlackTeam "FC Bayern Muenchen"]
[WhiteFideId "13401319"]
[BlackFideId "2293307"]
[EventDate "2022.03.05"]

1. d4 Nf6 2. c4 e6 3. Nf3 d5 4. Nc3 Bb4 5. Qa4+ Nc6 6. a3 Bxc3+ 7. bxc3 Bd7 8.
cxd5 exd5 9. Qc2 O-O 10. Bg5 h6 11. Bh4 Na5 12. Ne5 Be6 13. e3 c5 14. Bd3 c4 15.
Bh7+ Kh8 16. Bf5 Nb3 17. Bxe6 Nxa1 18. Qd1 fxe6 19. Ng6+ Kg8 20. Nxf8 Qxf8 21.
Qxa1 b5 22. O-O a5 23. Qb2 Rb8 24. Rb1 Nd7 25. Bg3 Rb7 26. f3 Nb8 27. e4 Nc6 28.
Qe2 Qf7 29. Bd6 Kh7 30. Bc5 Kg8 31. Qe1 Qd7 32. h4 Kh8 33. exd5 Qxd5 34. Qe4 Kg8
35. h5 Rb8 36. g4 Qd7 37. Kg2 Rb7 38. Re1 b4 39. axb4 axb4 40. Qg6 e5 41. cxb4
c3 42. dxe5 Nxb4 43. Ra1 Nc6 44. Bd6 Ra7 45. Rxa7 Nxa7 46. e6 Qb5 47. Qf7+ Kh7
48. Qxa7 Qb2+ 49. Qf2 c2 50. Bf4 1-0

[Event "Bundesliga 2021-22"]
[Site "Munich GER"]
[Date "2022.04.09"]
[Round "3.8"]
[Board "2"]
[White "Santos Ruiz, Miguel"]
[Black "Kryvoruchko, Yuriy"]
[Result "1/2-1/2"]
[WhiteTitle "GM"]
[BlackTitle "GM"]
[WhiteElo "2597"]
[BlackElo "2683"]
[WhiteTeam "FC Bayern Muenchen"]
[BlackTeam "SC Viernheim"]
[WhiteFideId "22291482"]
[BlackFideId "14109182"]
[EventDate "2022.03.05"]

1. e4 e5 2. Nf3 Nc6 3. Bb5 Nf6 4. O-O Nxe4 5. Re1 Nd6 6. Nxe5 Be7 7. Bf1 Nxe5 8.
Rxe5 O-O 9. d4 Bf6 10. Re1 Re8 11. Bf4 Rxe1 12. Qxe1 Ne8 13. c3 d5 14. Nd2 g6
15. Nf3 Ng7 16. Qd2 c6 17. Re1 Bf5 18. Bh6 Qd6 19. Bf4 Qf8 20. h3 Re8 21. Ne5
Bd8 22. Nd3 1/2-1/2

[Event "Bundesliga 2021-22"]
[Site "Munich GER"]
[Date "2022.04.09"]
[Round "3.8"]
[Board "3"]
[White "Anton Guijarro, David"]
[Black "Bogner, Sebastian"]
[Result "1-0"]
[WhiteTitle "GM"]
[BlackTitle "GM"]
[WhiteElo "2694"]
[BlackElo "2573"]
[WhiteTeam "SC Viernheim"]
[BlackTeam "FC Bayern Muenchen"]
[WhiteFideId "2285525"]
[BlackFideId "4692055"]
[EventDate "2022.03.05"]

1. e4 e5 2. Nf3 Nf6 3. Nxe5 d6 4. Nf3 Nxe4 5. d4 d5 6. Bd3 Bd6 7. O-O O-O 8. c4
c6 9. cxd5 cxd5 10. Nc3 Nxc3 11. bxc3 Bg4 12. Rb1 Nd7 13. h3 Bh5 14. Rb5 Nb6 15.
c4 Bxf3 16. Qxf3 dxc4 17. Be4 Qd7 18. Ra5 Bb4 19. Rh5 g6 20. a3 Be7 21. Ra5 Qxd4
22. Bxb7 Rab8 23. Be3 Qf6 24. Rxa7 Nc8 25. Ra6 Qb2 26. Bd5 Qb5 27. Rc6 Nb6 28.
Bxb6 Rxb6 29. a4 Qa5 30. Rxb6 Qxb6 31. Bxc4 Qb4 32. Bb3 Kg7 33. Rd1 Bf6 34. Rd7
h5 35. g3 h4 36. g4 Qe1+ 37. Kg2 Qb4 38. Qd5 Kh6 39. Bc2 Kg7 40. Bb3 Kh6 41. Qf3
Kg7 42. Rb7 Qd2 43. Qd5 Qxd5+ 44. Bxd5 Bc3 45. f4 g5 46. fxg5 Kg6 47. Kf3 Bd2
48. Be4+ Kxg5 49. Rb5+ Kf6 50. a5 Rc8 51. a6 Rc3+ 52. Ke2 Be3 53. Rf5+ 1-0

[Event "Bundesliga 2021-22"]
[Site "Munich GER"]
[Date "2022.04.09"]
[Round "3.8"]
[Board "4"]
[White "Alonso Rosell, Alvar"]
[Black "Amin, Bassem"]
[Result "0-1"]
[WhiteTitle "GM"]
[BlackTitle "GM"]
[WhiteElo "2565"]
[BlackElo "2683"]
[WhiteTeam "FC Bayern Muenchen"]
[BlackTeam "SC Viernheim"]
[WhiteFideId "2270544"]
[BlackFideId "10601457"]
[EventDate "2022.03.05"]

1. d4 Nf6 2. c4 g6 3. Nc3 Bg7 4. e4 d6 5. h3 O-O 6. Bg5 c5 7. d5 e6 8. Nf3 exd5
9. cxd5 Re8 10. Bd3 c4 11. Bc2 b5 12. O-O b4 13. Nb5 Ba6 14. Ba4 Rxe4 15. Nd2
Re5 16. Bxf6 Bxf6 17. Nxc4 Bxb5 18. Bxb5 Re7 19. Qa4 a6 20. Bc6 Nxc6 21. dxc6 d5
22. Rad1 Re6 23. Rd3 a5 24. Qb5 d4 25. a3 Qe8 26. axb4 axb4 27. Qxb4 Qxc6 28.
Nd2 Qc2 29. Qb3 Qc7 30. Nf3 Rb6 31. Qd1 Rxb2 32. Nxd4 Raa2 33. Nf3 Qf4 34. Rd7
Qf5 35. Qd5 Qxd5 36. Rxd5 h6 37. g3 Bc3 38. Rd3 Bb4 39. Ne5 Re2 40. Rd8+ Kg7 41.
Rd5 Ba5 42. Nc4 Be1 43. Ne5 Bxf2+ 44. Kh1 h5 45. g4 Bb6 46. Nf3 hxg4 47. hxg4
Ra8 0-1